000
00263nam a2200109 4500
008
160702b xxu||||| |||| 00| 0 eng d
100
_9
1788
_a
Sharma, K.N
245
_a
Song of Life
260
_a
New Delhi
_b
Arya
_c
2005
300
_a
Song of Life
942
_2
ddc
_c
BK
999
_c
1492
_d
1492